Normal view MARC view

Entry Geographic Name

Number of records used in: 1

001 - CONTROL NUMBER

  • control field: 1288

003 - CONTROL NUMBER IDENTIFIER

  • control field: csc

005 - DATE AND TIME OF LATEST TRANSACTION

  • control field: 20140507162055.0

008 - FIXED-LENGTH DATA ELEMENTS

  • fixed length control field: 130522|| aca||aabn | a|a d

040 ## - CATALOGING SOURCE

  • Original cataloging agency: csc
  • Transcribing agency: csc

151 ## - HEADING--GEOGRAPHIC NAME

  • Geographic name: JAMAHIRIYA ARABE LIBIA

670 ## - SOURCE DATA FOUND

  • Source citation: Work cat.: (csc)270: Centre National des Etudes Agricoles, Tunis (Tunisia) fre 5104, دراسة مكافحة التصحّر في كل من الجماهيرية العربية الليبية الشعبية الاشتراكية والجمهورية التونسية, 1983